[Event "Chigorin Memorial 2018"]
[Site "St. Petersburg"]
[Date "2018.10.28"]
[Round "2.13"]
[White "Idani, Pouya"]
[Black "Rjabzev, Konstantin"]
[Result "1-0"]
[WhiteElo "2588"]
[BlackElo "2270"]
[PlyCount "89"]
[EventDate "2018.10.27"]
[EventType "swiss"]
[EventCountry "RUS"]
[WhiteTeam "Iran"]
[BlackTeam "Russland"]
[WhiteTeamCountry "IRI"]
[BlackTeamCountry "RUS"]

1. Nf3 d5 2. c4 e6 3. g3 Nf6 4. Bg2 Be7 5. O-O O-O 6. b3 c5 7. Bb2 Nc6 8. e3 d4 9. exd4 cxd4 10. Re1 Ne8 11. Ne5 Nxe5 12. Rxe5 f6 13. Re1 e5 14. Ba3 Bxa3 15. Nxa3 Nc7 16. Rc1 Rb8 17. c5 b5 18. f4 exf4 19. gxf4 d3 20. Qf3 Bf5 21. Qf2 a5 22. c6 Qd6 23. Qc5 Qxc5+ 24. Rxc5 g6 25. Re7 Rf7 26. Rxc7 Rxc7 27. Nxb5 Re7 28. Bf3 Kf7 29. c7 Rxb5 30. Rxf5 Rxf5 31. c8=Q Rxf4 32. Bd5+ Kg7 33. Qg8+ Kh6 34. Qf8+ Rg7 35. a4 g5 36. Bc4 Rf3 37. Kg2 g4 38. Bd5 Rf4 39. Kg3 Rf1 40. Be4 f5 41. Bxf5 Rf3+ 42. Kg2 Rf4 43. Qf6+ Rg6 44. Qh4+ Kg7 45. Qe7+ 1-0

[Event "Chigorin Memorial 2018"]
[Site "St. Petersburg"]
[Date "2018.10.28"]
[Round "2.14"]
[White "Postnikov, Artem"]
[Black "Gareyev, Timur"]
[Result "1/2-1/2"]
[WhiteElo "2270"]
[BlackElo "2584"]
[PlyCount "65"]
[EventDate "2018.10.27"]
[EventType "swiss"]
[EventCountry "RUS"]
[WhiteTeam "Russland"]
[BlackTeam "Vereinigte Staaten"]
[WhiteTeamCountry "RUS"]
[BlackTeamCountry "USA"]

1. e4 g6 2. d4 Nf6 3. e5 Nh5 4. Nf3 d6 5. Bc4 Nc6 6. O-O Na5 7. Bb5+ Bd7 8. Qe2 Bxb5 9. Qxb5+ c6 10. Qe2 d5 11. b3 e6 12. c4 b6 13. Nc3 Ng7 14. Bg5 Be7 15. Bxe7 Qxe7 16. Rab1 O-O 17. cxd5 cxd5 18. Qa6 Rfc8 19. Nb5 Ne8 20. Rfc1 Nc7 21. Nxc7 Rxc7 22. Qd3 Rac8 23. Rxc7 Qxc7 24. Qe3 Kg7 25. Qg5 h6 26. Qf6+ Kg8 27. h4 Qc2 28. Re1 Nc6 29. Qf4 Kg7 30. Qf6+ Kg8 31. Qf4 Kg7 32. Qf6+ Kg8 33. Qf4 1/2-1/2

[Event "Chigorin Memorial 2018"]
[Site "St. Petersburg"]
[Date "2018.10.28"]
[Round "2.15"]
[White "Askerov, Marat"]
[Black "Ivanisevic, Ivan"]
[Result "0-1"]
[WhiteElo "2265"]
[BlackElo "2583"]
[PlyCount "128"]
[EventDate "2018.10.27"]
[EventType "swiss"]
[EventCountry "RUS"]
[WhiteTeam "Russland"]
[BlackTeam "Serbien"]
[WhiteTeamCountry "RUS"]
[BlackTeamCountry "SRB"]

1. d4 Nf6 2. c4 c5 3. d5 g6 4. Nc3 Bg7 5. e4 d6 6. h3 O-O 7. Nf3 e6 8. Bd3 exd5 9. exd5 Re8+ 10. Be3 Nbd7 11. O-O a6 12. Bf4 b5 13. cxb5 Nb6 14. Bh2 c4 15. Bc2 Bb7 16. Nd4 Nbxd5 17. Nc6 Qb6 18. Nxd5 Nxd5 19. Qxd5 axb5 20. Be4 Rac8 21. Qxd6 Bxc6 22. Bxc6 Qxc6 23. a4 bxa4 24. Qxc6 Rxc6 25. Rxa4 Bxb2 26. Bf4 c3 27. Ra2 f5 28. Rb1 Re4 29. g3 Rb6 30. Ra8+ Kf7 31. Rc8 Rbb4 32. Kf1 Ke6 33. Bc1 Kd7 34. Rc5 Red4 35. Ke2 Bxc1 36. Rxc1 Rb2+ 37. Ke3 Re4+ 38. Kf3 Ree2 39. R1xc3 Rxf2+ 40. Ke3 Rbe2+ 41. Kd4 Re4+ 42. Kd3 Ke6 43. Rc6+ Kf7 44. Rc7+ Kf6 45. R3c6+ Kg5 46. Rxh7 Rf3+ 47. Kd2 Rxg3 48. h4+ Kf4 49. Rg7 Rg2+ 50. Kd3 Re3+ 51. Kd4 Rd2+ 52. Kc5 Rc2+ 53. Kb6 Rxc6+ 54. Kxc6 Rg3 55. Kd5 Rg4 56. Rh7 Ke3 57. h5 gxh5 58. Rxh5 f4 59. Re5+ Kf2 60. Ke4 f3+ 61. Kd3 Kg2 62. Rf5 f2 63. Ke2 Re4+ 64. Kd3 Re1 0-1

[Event "Chigorin Memorial 2018"]
[Site "St. Petersburg"]
[Date "2018.10.28"]
[Round "2.16"]
[White "Stupak, Kirill"]
[Black "Andreev, Konstantin"]
[Result "1/2-1/2"]
[WhiteElo "2583"]
[BlackElo "2265"]
[PlyCount "82"]
[EventDate "2018.10.27"]
[EventType "swiss"]
[EventCountry "RUS"]
[WhiteTeam "Weißrussland"]
[BlackTeam "Russland"]
[WhiteTeamCountry "BLR"]
[BlackTeamCountry "RUS"]

1. Nf3 Nf6 2. g3 g6 3. Bg2 Bg7 4. O-O c5 5. d4 cxd4 6. Nxd4 d5 7. c4 dxc4 8. Na3 O-O 9. Nxc4 Na6 10. b3 Nd5 11. Bb2 Nac7 12. Rc1 Re8 13. Qd2 e5 14. Nb5 Nxb5 15. Qxd5 Nd4 16. Rfe1 Bg4 17. Kf1 Rb8 18. Qxd8 Rexd8 19. h3 Be6 20. Na5 e4 21. Bxe4 Nxb3 22. axb3 Bxb2 23. Rc2 Bxh3+ 24. Kg1 Ba3 25. Ra1 Bb4 26. Rc7 Be6 27. Nxb7 Rd2 28. Bf3 a5 29. Nxa5 Bxa5 30. Rxa5 Bxb3 31. Rca7 Bc4 32. Ra8 Rxa8 33. Rxa8+ Kg7 34. e4 Rb2 35. Rc8 Be6 36. Rc5 h5 37. Rc1 Ra2 38. Bg2 Rb2 39. f4 Rd2 40. Rc5 Bg4 41. Rc3 Rd1+ 1/2-1/2

[Event "Chigorin Memorial 2018"]
[Site "St. Petersburg"]
[Date "2018.10.28"]
[Round "2.17"]
[White "Tsvetkov, Andrey"]
[Black "Timofeev, Artyom"]
[Result "0-1"]
[WhiteElo "2264"]
[BlackElo "2580"]
[Annotator "TA"]
[PlyCount "58"]
[EventDate "2018.10.27"]
[EventType "swiss"]
[EventCountry "RUS"]
[WhiteTeam "Russland"]
[BlackTeam "Russland"]
[WhiteTeamCountry "RUS"]
[BlackTeamCountry "RUS"]

1. d4 d5 2. c4 e6 3. Nf3 Nf6 4. Nc3 a6 5. cxd5 exd5 6. Bg5 Be6 7. e3 Nbd7 8. Bd3 Bd6 9. O-O O-O 10. Rc1 c6 11. Qc2 Qb8 12. Bf5 Re8 13. Bh4 g6 14. Bxe6 Rxe6 15. Bg3 Bxg3 16. hxg3 Qf8 17. Ng5 Qh6 18. Nh3 Ng4 19. e4 dxe4 20. Nxe4 Rae8 21. Neg5 R6e7 22. d5 cxd5 23. Qa4 Nge5 24. Qd4 Nf6 25. Rce1 Qg7 26. Rc1 h6 27. Nf3 Nc6 28. Qc5 g5 29. g4 Nxg4 0-1

[Event "Chigorin Memorial 2018"]
[Site "St. Petersburg"]
[Date "2018.10.28"]
[Round "2.18"]
[White "Volkov, Sergey"]
[Black "Gitelson, Arkady"]
[Result "1-0"]
[WhiteElo "2568"]
[BlackElo "2264"]
[Annotator "RC"]
[PlyCount "75"]
[EventDate "2018.10.27"]
[EventType "swiss"]
[EventCountry "RUS"]
[WhiteTeam "Russland"]
[BlackTeam "Russland"]
[WhiteTeamCountry "RUS"]
[BlackTeamCountry "RUS"]

1. d4 Nf6 2. c4 e6 3. Nf3 Bb4+ 4. Nbd2 d6 5. e3 O-O 6. Be2 Nc6 7. O-O e5 8. Nb1 e4 9. Ng5 h6 10. Nh3 Bxh3 11. gxh3 Ba5 12. a3 Bb6 13. Nc3 Qd7 14. Kg2 Ne7 15. f3 exf3+ 16. Rxf3 Ng6 17. Kh1 Nh4 18. Rxf6 gxf6 19. Qg1+ Kh7 20. Qg3 Ng6 21. Bd3 f5 22. Nd5 Qe6 23. Qf2 f4 24. Nxf4 Qf6 25. Bd2 c6 26. Rf1 Bd8 27. Nxg6 fxg6 28. Qg2 Qxf1+ 29. Bxf1 Bg5 30. Bd3 Rf6 31. e4 Bxd2 32. Qxd2 Raf8 33. Kg2 c5 34. dxc5 dxc5 35. e5 Re6 36. Qa5 Rb6 37. b4 cxb4 38. Qxa7 1-0

[Event "Chigorin Memorial 2018"]
[Site "St. Petersburg"]
[Date "2018.10.28"]
[Round "2.19"]
[White "Bhambure, Shantanu"]
[Black "Vorobiov, Evgeny E."]
[Result "1/2-1/2"]
[WhiteElo "2243"]
[BlackElo "2557"]
[PlyCount "71"]
[EventDate "2018.10.27"]
[EventType "swiss"]
[EventCountry "RUS"]
[WhiteTeam "Indien"]
[BlackTeam "Russland"]
[WhiteTeamCountry "IND"]
[BlackTeamCountry "RUS"]

1. d4 d5 2. Bf4 Nf6 3. e3 e6 4. Nd2 c5 5. c3 Nc6 6. Ngf3 Be7 7. h3 Bd6 8. Bxd6 Qxd6 9. Bd3 O-O 10. O-O Bd7 11. Re1 Rfe8 12. dxc5 Qxc5 13. e4 dxe4 14. Nxe4 Nxe4 15. Bxe4 Rad8 16. Qe2 Bc8 17. Rad1 Rxd1 18. Rxd1 h6 19. Nd4 Nxd4 20. Rxd4 e5 21. Bd5 b6 22. Rd1 Qc7 23. c4 Be6 24. Bxe6 Rxe6 25. Qe4 g6 26. b3 Rd6 27. Rxd6 Qxd6 28. Qa8+ Kg7 29. Qxa7 Qd1+ 30. Kh2 Qd4 31. f3 Qf4+ 32. Kh1 Qc1+ 33. Kh2 Qf4+ 34. Kh1 Qc1+ 35. Kh2 Qf4+ 36. Kh1 1/2-1/2

[Event "Chigorin Memorial 2018"]
[Site "St. Petersburg"]
[Date "2018.10.28"]
[Round "2.20"]
[White "Bocharov, Dmitry"]
[Black "Danielyan, Vahe"]
[Result "1-0"]
[WhiteElo "2557"]
[BlackElo "2256"]
[PlyCount "63"]
[EventDate "2018.10.27"]
[EventType "swiss"]
[EventCountry "RUS"]
[WhiteTeam "Russland"]
[BlackTeam "Armenien"]
[WhiteTeamCountry "RUS"]
[BlackTeamCountry "ARM"]

1. Nf3 c5 2. e4 Nc6 3. Bb5 g6 4. Bxc6 bxc6 5. O-O Bg7 6. Re1 Nh6 7. c3 O-O 8. d4 cxd4 9. cxd4 d6 10. h3 Qa5 11. Nc3 f6 12. Bd2 Nf7 13. Rc1 Qa6 14. b4 e6 15. e5 fxe5 16. dxe5 dxe5 17. Qb3 c5 18. b5 Qb7 19. Be3 Bd7 20. Nd2 Rab8 21. Bxc5 Rfc8 22. Nde4 Qc7 23. Red1 Qb7 24. Bd6 Ra8 25. Nc5 Rxc5 26. Bxc5 e4 27. Nxe4 Qxe4 28. Rxd7 Rc8 29. Qd1 Bb2 30. Rxf7 Kxf7 31. Qd7+ Kf6 32. Be7+ 1-0

[Event "Chigorin Memorial 2018"]
[Site "St. Petersburg"]
[Date "2018.10.28"]
[Round "2.21"]
[White "Nikitin, Sergey E."]
[Black "Sengupta, Deep"]
[Result "0-1"]
[WhiteElo "2230"]
[BlackElo "2557"]
[Annotator "TA"]
[PlyCount "76"]
[EventDate "2018.10.27"]
[EventType "swiss"]
[EventCountry "RUS"]
[WhiteTeam "Russland"]
[BlackTeam "Indien"]
[WhiteTeamCountry "RUS"]
[BlackTeamCountry "IND"]

1. e4 e5 2. Nf3 Nc6 3. Bc4 Bc5 4. Nc3 Nf6 5. d3 h6 6. O-O O-O 7. h3 Re8 8. a3 a6 9. b4 Ba7 10. Nd5 d6 11. Be3 Nxd5 12. Bxd5 Ne7 13. Bb3 Ng6 14. Qd2 Qf6 15. Kh2 c6 16. Bxa7 Rxa7 17. Qe3 Ra8 18. g3 Be6 19. Bxe6 Qxe6 20. Qb6 Re7 21. Ne1 f5 22. exf5 Qxf5 23. Ng2 Rf8 24. Rae1 Ref7 25. a4 Qd7 26. c4 Rf3 27. d4 Rd3 28. Re4 Kh7 29. dxe5 Nxe5 30. Ne1 Rc3 31. f4 Qf5 32. Re2 Qh5 33. Re4 Qg6 34. Re2 Qxg3+ 35. Kh1 Qxh3+ 36. Kg1 Rg3+ 37. Rg2 Ng4 38. Rff2 Re8 0-1

[Event "Chigorin Memorial 2018"]
[Site "St. Petersburg"]
[Date "2018.10.28"]
[Round "2.22"]
[White "Ter-Sahakyan, Samvel"]
[Black "Nikologorsky, Matfei"]
[Result "1-0"]
[WhiteElo "2547"]
[BlackElo "2235"]
[Annotator "RC"]
[PlyCount "59"]
[EventDate "2018.10.27"]
[EventType "swiss"]
[EventCountry "RUS"]
[WhiteTeam "Armenien"]
[BlackTeam "Russland"]
[WhiteTeamCountry "ARM"]
[BlackTeamCountry "RUS"]

1. d4 Nf6 2. c4 g6 3. Nc3 d5 4. Nf3 Bg7 5. h4 O-O 6. cxd5 Nxd5 7. h5 c5 8. hxg6 hxg6 9. Bh6 Bxh6 10. Rxh6 Nxc3 11. bxc3 cxd4 12. Qd2 Kg7 13. Ng5 Rh8 14. Rxh8 Qxh8 15. cxd4 Nc6 16. Rc1 Qd8 17. d5 Ne5 18. e4 Bg4 19. f4 Nd7 20. Kf2 Qb6+ 21. Kg3 Bh5 22. e5 Nc5 23. Be2 Bxe2 24. Qxe2 Qa6 25. Qe3 b6 26. Rh1 Qc4 27. Rh7+ Kg8 28. Kh2 f6 29. exf6 exf6 30. Rg7+ 1-0

[Event "Chigorin Memorial 2018"]
[Site "St. Petersburg"]
[Date "2018.10.28"]
[Round "2.24"]
[White "Burmakin, Vladimir"]
[Black "Klepikov, Nikita"]
[Result "1/2-1/2"]
[WhiteElo "2523"]
[BlackElo "2228"]
[Annotator "TA"]
[PlyCount "82"]
[EventDate "2018.10.27"]
[EventType "swiss"]
[EventCountry "RUS"]
[WhiteTeam "Russland"]
[BlackTeam "Russland"]
[WhiteTeamCountry "RUS"]
[BlackTeamCountry "RUS"]

1. d4 Nf6 2. Nf3 g6 3. Bf4 Bg7 4. e3 d6 5. Be2 Nbd7 6. h3 b6 7. O-O Bb7 8. a4 a6 9. c3 O-O 10. Qb3 Re8 11. Rd1 Ne4 12. Bh2 e5 13. Nbd2 Nxd2 14. Rxd2 exd4 15. cxd4 Nf6 16. Rc1 Re7 17. Ne1 Bh6 18. Bf3 Be4 19. Rdd1 Qe8 20. Bxe4 Nxe4 21. Nd3 b5 22. axb5 Rb8 23. Bf4 Rxb5 24. Qc2 g5 25. Bh2 f5 26. Qc6 Qb8 27. Qxa6 g4 28. Bf4 Bxf4 29. Nxf4 Rxb2 30. Qc4+ Kh8 31. Rc2 g3 32. fxg3 Nxg3 33. Nd5 Rg7 34. Rdc1 Rxc2 35. Qxc2 Qb5 36. Nxc7 Qe2 37. Nd5 Rg8 38. Qc4 f4 39. Nf6 Qxe3+ 40. Kh2 Rf8 41. Ng4 Qe4 1/2-1/2

[Event "Chigorin Memorial 2018"]
[Site "St. Petersburg"]
[Date "2018.10.28"]
[Round "2.25"]
[White "Khusenkhojaev, Mustafokhuja"]
[Black "Levin, Evgeny A."]
[Result "0-1"]
[WhiteElo "2229"]
[BlackElo "2523"]
[Annotator "TA"]
[PlyCount "76"]
[EventDate "2018.10.27"]
[EventType "swiss"]
[EventCountry "RUS"]
[WhiteTeam "Tadschikistan"]
[BlackTeam "Russland"]
[WhiteTeamCountry "TJK"]
[BlackTeamCountry "RUS"]

1. d4 Nf6 2. Nf3 g6 3. c4 Bg7 4. g3 O-O 5. Bg2 d6 6. O-O Nc6 7. Nc3 a6 8. Bf4 Bg4 9. h3 Bxf3 10. exf3 Nd7 11. Be3 e5 12. d5 Nd4 13. Rc1 a5 14. b3 Nf5 15. Bd2 Nc5 16. Rb1 Qd7 17. h4 Nd4 18. Be3 Rae8 19. Re1 Qf5 20. g4 Qd7 21. Qd2 h5 22. gxh5 Qf5 23. h6 Bf6 24. Bxd4 exd4 25. Nb5 d3 26. Nxc7 Rxe1+ 27. Rxe1 Be5 28. Nb5 Qf6 29. Qxa5 Bf4 30. Rd1 Re8 31. Qc3 Be5 32. Qd2 Bf4 33. Qc3 Be5 34. Qd2 Qxh4 35. Kf1 Bf4 36. Qc3 Bxh6 37. b4 Na4 38. Qa1 Bg7 0-1

[Event "Chigorin Memorial 2018"]
[Site "St. Petersburg"]
[Date "2018.10.28"]
[Round "2.26"]
[White "Sorokin, Aleksey"]
[Black "Pogorelskikh, Sergey"]
[Result "1-0"]
[WhiteElo "2522"]
[BlackElo "2224"]
[Annotator "TA"]
[PlyCount "51"]
[EventDate "2018.10.27"]
[EventType "swiss"]
[EventCountry "RUS"]
[WhiteTeam "Russland"]
[BlackTeam "Russland"]
[WhiteTeamCountry "RUS"]
[BlackTeamCountry "RUS"]

1. d4 Nf6 2. c4 g6 3. Nc3 Bg7 4. e4 d6 5. f3 O-O 6. Be3 c5 7. Nge2 b6 8. d5 e6 9. Nf4 exd5 10. Nfxd5 Qd7 11. Nxf6+ Bxf6 12. Qd2 Nc6 13. O-O-O Nd4 14. h4 Bb7 15. Ne2 Qa4 16. Nxd4 cxd4 17. Bxd4 Bxd4 18. Qxd4 Qxa2 19. h5 Qa1+ 20. Kc2 Qa4+ 21. Kb1 Rad8 22. Bd3 g5 23. f4 Qa5 24. h6 f6 25. Rh5 Qc5 26. Rxg5+ 1-0

[Event "Chigorin Memorial 2018"]
[Site "St. Petersburg"]
[Date "2018.10.28"]
[Round "2.27"]
[White "Ageichenko, Genadi A"]
[Black "Anisimov, Pavel"]
[Result "0-1"]
[WhiteElo "2225"]
[BlackElo "2521"]
[Annotator "TA"]
[PlyCount "120"]
[EventDate "2018.10.27"]
[EventType "swiss"]
[EventCountry "RUS"]
[WhiteTeam "Russland"]
[BlackTeam "Russland"]
[WhiteTeamCountry "RUS"]
[BlackTeamCountry "RUS"]

1. e4 c5 2. Nf3 d6 3. d4 cxd4 4. Nxd4 Nf6 5. Nc3 a6 6. Be3 Ng4 7. Bc1 Nc6 8. Nxc6 bxc6 9. Be2 Nf6 10. O-O e6 11. Qd3 Be7 12. Qg3 O-O 13. Bh6 Ne8 14. Be3 Rb8 15. b3 Bh4 16. Qf4 e5 17. Qf3 f5 18. Rad1 Qc7 19. Na4 Be7 20. c4 fxe4 21. Qg3 Nf6 22. Nc3 Bf5 23. Bg5 Qa7 24. Be3 Qc7 25. Bg5 Qb6 26. Na4 Qa7 27. c5 d5 28. Qxe5 g6 29. Bf4 Rb7 30. Qd4 Nd7 31. Bd6 Bf6 32. Qd2 Re8 33. Qa5 Qa8 34. Rfe1 Bd8 35. Qc3 a5 36. Qg3 Bf6 37. Bg4 Bxg4 38. Qxg4 Ne5 39. Qe2 Rf7 40. Nb6 Qd8 41. h3 Bh4 42. Rf1 Qf6 43. Qe3 Qf5 44. Rd2 Bg5 45. Qe2 Bxd2 46. Qxd2 Nd3 47. Qe3 Nf4 48. Kh1 Qg5 49. Rg1 d4 50. Bxf4 dxe3 51. Bxg5 exf2 52. Rf1 e3 53. Bxe3 Rxe3 54. g4 Rxh3+ 55. Kg2 Rc3 56. Nc4 a4 57. Ne5 Rf4 58. bxa4 Rxc5 59. Kg3 Rxa4 60. Nd7 Rc3+ 0-1

[Event "Chigorin Memorial 2018"]
[Site "St. Petersburg"]
[Date "2018.10.28"]
[Round "2.28"]
[White "Khanin, Semen"]
[Black "Tsaruk, Maksim"]
[Result "1-0"]
[WhiteElo "2510"]
[BlackElo "2215"]
[Annotator "RC"]
[PlyCount "55"]
[EventDate "2018.10.27"]
[EventType "swiss"]
[EventCountry "RUS"]
[WhiteTeam "Russland"]
[BlackTeam "Weißrussland"]
[WhiteTeamCountry "RUS"]
[BlackTeamCountry "BLR"]

1. e4 c6 2. d4 d5 3. e5 Bf5 4. Nf3 e6 5. Be2 Ne7 6. O-O h6 7. Nbd2 Nd7 8. c3 g5 9. b4 Bg7 10. Nb3 f6 11. exf6 Bxf6 12. Re1 g4 13. Ne5 Nxe5 14. dxe5 Bxe5 15. Bxg4 Bxc3 16. Bxf5 exf5 17. Qh5+ Kd7 18. Nc5+ Kc8 19. Qf7 Bxe1 20. Qe6+ Kc7 21. Bf4+ Kb6 22. Nd7+ Ka6 23. b5+ Kxb5 24. Qe2+ Ka5 25. Qxe1+ Ka6 26. Nc5+ Kb5 27. Rb1+ Kxc5 28. Qc3# 1-0

[Event "Chigorin Memorial 2018"]
[Site "St. Petersburg"]
[Date "2018.10.28"]
[Round "2.29"]
[White "Nebolsina, Vera"]
[Black "Zontakh, Andrey"]
[Result "1-0"]
[WhiteElo "2220"]
[BlackElo "2507"]
[Annotator "TA"]
[PlyCount "71"]
[EventDate "2018.10.27"]
[EventType "swiss"]
[EventCountry "RUS"]
[WhiteTeam "Russland"]
[BlackTeam "Ukraine"]
[WhiteTeamCountry "RUS"]
[BlackTeamCountry "UKR"]

1. e4 c5 2. Nc3 e6 3. Nf3 Nc6 4. Bb5 Nge7 5. O-O a6 6. Bxc6 Nxc6 7. d4 cxd4 8. Nxd4 Qc7 9. Nxc6 dxc6 10. Be3 Be7 11. f4 O-O 12. Qh5 f6 13. Rf3 g6 14. Rg3 Rf7 15. Rf1 Bd7 16. Qe2 Kh8 17. Kh1 Rg8 18. Rd1 b5 19. Bb6 Qxb6 20. Rxd7 Rd8 21. Rgd3 Rxd7 22. Rxd7 Qc5 23. Qd2 Kg7 24. a3 a5 25. h3 h5 26. Ne2 Qf2 27. Nd4 Qf1+ 28. Kh2 Kg8 29. Nxe6 Qc4 30. f5 gxf5 31. exf5 Kh7 32. Qd1 Qe4 33. Qxh5+ Kg8 34. Qg6+ Kh8 35. Qh6+ Kg8 36. Rd3 1-0

[Event "Chigorin Memorial 2018"]
[Site "St. Petersburg"]
[Date "2018.10.28"]
[Round "2.30"]
[White "Gagare, Shardul"]
[Black "Tarasov, Ilya"]
[Result "1/2-1/2"]
[WhiteElo "2501"]
[BlackElo "2211"]
[Annotator "TA"]
[PlyCount "128"]
[EventDate "2018.10.27"]
[EventType "swiss"]
[EventCountry "RUS"]
[WhiteTeam "Indien"]
[BlackTeam "Russland"]
[WhiteTeamCountry "IND"]
[BlackTeamCountry "RUS"]

1. d4 d6 2. Nf3 Nf6 3. c4 g6 4. Nc3 Bg7 5. g3 O-O 6. Bg2 Bf5 7. O-O c6 8. Nh4 Be6 9. Qd3 d5 10. b3 Ne4 11. Bb2 f5 12. e3 Nd7 13. cxd5 cxd5 14. Rfc1 Rc8 15. Nf3 Qb6 16. Ne2 g5 17. h4 h6 18. hxg5 hxg5 19. Ne5 Qd6 20. f3 Nef6 21. Qb5 Qb6 22. Qxb6 Nxb6 23. Ba3 Rfe8 24. Rxc8 Nxc8 25. Nc1 Nd7 26. Ncd3 Bxe5 27. dxe5 a6 28. f4 g4 29. Nc5 Nxc5 30. Bxc5 Bf7 31. Rc1 e6 32. Bd4 Ne7 33. Rc7 Nc6 34. Rxb7 Rc8 35. Bb6 Nb4 36. a3 Rc1+ 37. Bf1 Nd3 38. Rc7 Rb1 39. Rc8+ Kg7 40. b4 Ne1 41. Kf2 Nf3 42. Bxa6 Rb2+ 43. Be2 Nd2 44. Ke1 Ne4 45. Bd3 Nxg3 46. Bd4 Ra2 47. b5 Ne4 48. b6 g3 49. Bxe4 dxe4 50. Kf1 Bh5 51. b7 Rf2+ 52. Kg1 Bf3 53. Rg8+ Kxg8 54. b8=Q+ Kg7 55. Qb7+ Kg6 56. Qe7 Rg2+ 57. Kf1 Rf2+ 58. Kg1 Rg2+ 59. Kf1 Rf2+ 60. Ke1 Re2+ 61. Kd1 Rh2+ 62. Kc1 g2 63. Qf6+ Kh7 64. Qf7+ Kh8 1/2-1/2

[Event "Chigorin Memorial 2018"]
[Site "St. Petersburg"]
[Date "2018.10.28"]
[Round "2.31"]
[White "Nandhidhaa, P V"]
[Black "Khegay, Dmitriy"]
[Result "0-1"]
[WhiteElo "2212"]
[BlackElo "2499"]
[Annotator "RC"]
[PlyCount "62"]
[EventDate "2018.10.27"]
[EventType "swiss"]
[EventCountry "RUS"]
[WhiteTeam "Indien"]
[BlackTeam "Russland"]
[WhiteTeamCountry "IND"]
[BlackTeamCountry "RUS"]

1. e4 g6 2. d4 Bg7 3. Nc3 d6 4. Be2 a6 5. a4 Nf6 6. Nf3 O-O 7. O-O b6 8. Re1 Bb7 9. Bf1 Nc6 10. d5 Nb4 11. Nb1 c6 12. c3 cxd5 13. cxb4 dxe4 14. Nd4 e5 15. Nb3 d5 16. a5 Qd6 17. Bd2 Nd7 18. axb6 Qxb6 19. Nc3 f5 20. Na4 Qd6 21. Nac5 Nxc5 22. Nxc5 Bc8 23. Ra5 f4 24. Bc3 Rd8 25. Qb3 Kh8 26. Rd1 e3 27. fxe3 fxe3 28. Ne4 Qb6 29. Be2 Bg4 30. Raxd5 Bxe2 31. Ng5 Rf8 0-1

[Event "Chigorin Memorial 2018"]
[Site "St. Petersburg"]
[Date "2018.10.28"]
[Round "2.32"]
[White "Afanasiev, Nikita"]
[Black "Zaichikov, Andrey"]
[Result "1-0"]
[WhiteElo "2487"]
[BlackElo "2202"]
[Annotator "TA"]
[PlyCount "91"]
[EventDate "2018.10.27"]
[EventType "swiss"]
[EventCountry "RUS"]
[WhiteTeam "Russland"]
[BlackTeam "Russland"]
[WhiteTeamCountry "RUS"]
[BlackTeamCountry "RUS"]

1. e4 e5 2. Nf3 Nc6 3. g3 Nf6 4. d3 d5 5. exd5 Nxd5 6. Bg2 Be7 7. O-O Bg4 8. Re1 f5 9. c3 Qd6 10. Na3 Nb6 11. Qb3 Bxf3 12. Bxf3 a6 13. d4 e4 14. Bg2 O-O-O 15. f3 exf3 16. Bxf3 Nd5 17. Nc4 Qd7 18. Ne3 Nxe3 19. Bxe3 Na5 20. Qc2 h5 21. Qd3 Qb5 22. Be2 Qxd3 23. Bxd3 g6 24. Bf4 Bd6 25. Bg5 Rde8 26. d5 b5 27. a4 Nb3 28. axb5 Nxa1 29. Rxa1 Kb7 30. bxa6+ Kb6 31. b4 Re5 32. Bf6 Rf8 33. Bxe5 Bxe5 34. Ra3 Ka7 35. Kg2 Rd8 36. Bc4 g5 37. Ba2 Rd6 38. b5 f4 39. c4 fxg3 40. hxg3 g4 41. c5 Rf6 42. Rd3 Rf5 43. Bb1 Rf8 44. Ba2 Rf6 45. Bc4 Rh6 46. d6 1-0

[Event "Chigorin Memorial 2018"]
[Site "St. Petersburg"]
[Date "2018.10.28"]
[Round "2.33"]
[White "Melnikov, Dmitry"]
[Black "Kabanov, Nikolai"]
[Result "1/2-1/2"]
[WhiteElo "2207"]
[BlackElo "2481"]
[Annotator "TA"]
[PlyCount "70"]
[EventDate "2018.10.27"]
[EventType "swiss"]
[EventCountry "RUS"]
[WhiteTeam "Russland"]
[BlackTeam "Russland"]
[WhiteTeamCountry "RUS"]
[BlackTeamCountry "RUS"]

1. e4 c5 2. Nf3 e6 3. b3 d6 4. Bb2 Nf6 5. Nc3 Be7 6. d4 cxd4 7. Nxd4 O-O 8. Qd2 a6 9. O-O-O b5 10. Bd3 Bb7 11. Rhe1 b4 12. Na4 d5 13. e5 Ne4 14. Bxe4 dxe4 15. Kb1 Qc7 16. Qe3 Nd7 17. f4 Nc5 18. f5 Nxa4 19. bxa4 Rac8 20. f6 gxf6 21. Qh6 fxe5 22. Re3 exd4 23. Rg3+ Qxg3 24. hxg3 f6 25. Bxd4 Bc6 26. Rf1 Bxa4 27. Bxf6 Bxc2+ 28. Kb2 Bxf6+ 29. Rxf6 Bd3 30. Qg5+ Kh8 31. Rxf8+ Rxf8 32. Qe5+ Kg8 33. Qxe6+ Kg7 34. Qe7+ Rf7 35. Qe5+ Kg8 1/2-1/2

[Event "Chigorin Memorial 2018"]
[Site "St. Petersburg"]
[Date "2018.10.28"]
[Round "2.34"]
[White "Drygalov, Andrey"]
[Black "Perov, German"]
[Result "1/2-1/2"]
[WhiteElo "2477"]
[BlackElo "2196"]
[PlyCount "96"]
[EventDate "2018.10.27"]
[EventType "swiss"]
[EventCountry "RUS"]
[WhiteTeam "Russland"]
[BlackTeam "Russland"]
[WhiteTeamCountry "RUS"]
[BlackTeamCountry "RUS"]

1. d4 Nf6 2. c4 e6 3. Nf3 d5 4. Nc3 c5 5. cxd5 Nxd5 6. e4 Nxc3 7. bxc3 cxd4 8. cxd4 Bb4+ 9. Bd2 Bxd2+ 10. Qxd2 O-O 11. Bc4 b6 12. O-O Bb7 13. Rfe1 Nd7 14. Rad1 Rc8 15. Bb3 Nf6 16. Qf4 Qc7 17. Qh4 h6 18. d5 exd5 19. e5 Ne4 20. Bxd5 Bxd5 21. Rxd5 Nc3 22. Rd6 Qc4 23. Qxc4 Rxc4 24. Rd7 a5 25. h3 Re8 26. Rb7 b5 27. Re3 b4 28. Rd3 Nxa2 29. Rdd7 Rf4 30. Ra7 b3 31. Rxa5 b2 32. Nd2 Nb4 33. Ra3 Rxe5 34. Rb3 Re1+ 35. Kh2 Rxf2 36. Rxb4 Rxd2 37. Rxd2 b1=Q 38. Rxb1 Rxb1 39. Rd7 Rb3 40. Kg1 g6 41. Kf2 Kg7 42. Rd6 Rb5 43. Ra6 Re5 44. Kf3 Re6 45. Ra7 g5 46. Rb7 Kg6 47. Rb5 f5 48. Kf2 Kf6 1/2-1/2

[Event "Chigorin Memorial 2018"]
[Site "St. Petersburg"]
[Date "2018.10.28"]
[Round "2.35"]
[White "Pesotskiy, Mikhail"]
[Black "Mikaelyan, Arman"]
[Result "0-1"]
[WhiteElo "2205"]
[BlackElo "2477"]
[Annotator "RC"]
[PlyCount "88"]
[EventDate "2018.10.27"]
[EventType "swiss"]
[EventCountry "RUS"]
[WhiteTeam "Russland"]
[BlackTeam "Armenien"]
[WhiteTeamCountry "RUS"]
[BlackTeamCountry "ARM"]

1. Nf3 Nf6 2. c4 g6 3. g3 Bg7 4. Bg2 O-O 5. O-O d6 6. d4 Nc6 7. Nc3 Bg4 8. Be3 Nd7 9. d5 Bxf3 10. exf3 Na5 11. Bd4 Bh6 12. b3 c5 13. dxc6 Nxc6 14. Be3 Bg7 15. Qd2 Qa5 16. Rac1 Rfc8 17. Nd5 Qxd2 18. Bxd2 a5 19. Bg5 Kf8 20. Rfe1 e6 21. Nc3 Nb4 22. Re2 d5 23. Nb5 a4 24. Rd1 h6 25. Be3 Nxa2 26. bxa4 Nb4 27. cxd5 Nxd5 28. f4 N7f6 29. Bd4 Rxa4 30. Nd6 Rxd4 31. Rxd4 Rc1+ 32. Bf1 Nc3 33. Red2 Nfd5 34. Rxd5 Nxd5 35. Nxb7 Bc3 36. Ra2 Bb4 37. Kg2 Rc7 38. Ra8+ Kg7 39. Na5 Rc2 40. Nb3 Be1 41. Ra1 Bxf2 42. Kh1 Bb6 43. Rc1 Rb2 44. Nc5 Bxc5 0-1

[Event "Chigorin Memorial 2018"]
[Site "St. Petersburg"]
[Date "2018.10.28"]
[Round "2.36"]
[White "Nigmatov, Ortik"]
[Black "Pierecker, Markus"]
[Result "1-0"]
[WhiteElo "2456"]
[BlackElo "2180"]
[Annotator "TA"]
[PlyCount "45"]
[EventDate "2018.10.27"]
[EventType "swiss"]
[EventCountry "RUS"]
[WhiteTeam "Usbekistan"]
[BlackTeam "Österreich"]
[WhiteTeamCountry "UZB"]
[BlackTeamCountry "AUT"]

1. e4 c5 2. Nf3 e6 3. d4 cxd4 4. Nxd4 Nc6 5. Nb5 d6 6. c4 Nf6 7. N1c3 a6 8. Na3 Be7 9. Be2 O-O 10. O-O b6 11. Be3 Bb7 12. Rc1 Ne5 13. f3 Qc7 14. Qe1 Rac8 15. Qf2 Ned7 16. Rfd1 Rfe8 17. b4 d5 18. cxd5 Bxb4 19. dxe6 Bxa3 20. exd7 Nxd7 21. Nb5 Qxc1 22. Bxc1 Bxc1 23. Nd6 1-0